Stand Premier League Engeland 19 mei 2024 - Statistieken

Algemene statistieken
  • Deze quiz is 16 keer genomen
  • De gemiddelde score is 9 van 20
Antwoordstatistieken
Antwoord % Correct
1 Manchester City
100%
2 Arsenaal
87%
3 Liverpool
80%
4 Aston Villa
80%
6 Chelsea
60%
5 Tottenham
47%
8 Manchester United
47%
16 Brentford
40%
19 Burnley
40%
7 Newcastle
40%
9 West Ham
40%
11 Brighton
33%
14 Wolverhampton
33%
15 Everton
33%
12 Bournemouth
27%
13 Fulham
27%
17 Nottingham Forest
27%
18 Luton
27%
20 Sheffield United
27%
10 Crystal Palace
20%
Geen overeenkomende quizzen gevonden
Scoreverdeling
Procent van Mensen met Elke Score
Percentiel versus Aantal Correcte Antwoorden
Uw Scoregeschiedenis
U heeft deze quiz nog niet genomen